Online
Catalog

Meditaciones morales / (Record no. 3472)

MARC details
000 -CABECERA
campo de control de longitud fija 00733nam a2200229 a 4500
001 - NÚMERO DE CONTROL
campo de control 000003649
003 - IDENTIFICADOR DEL NÚMERO DE CONTROL
campo de control DO-SdBNP
005 - FECHA Y HORA DE LA ÚLTIMA TRANSACCIÓN
campo de control 20260114124842.0
007 - CAMPO FIJO DE DESCRIPCIÓN FÍSICA--INFORMACIÓN GENERAL
campo de control de longitud fija ta
008 - DATOS DE LONGITUD FIJA--INFORMACIÓN GENERAL
campo de control de longitud fija 090711s1947 dr r 000 0 spa d
040 ## - FUENTE DE LA CATALOGACIÓN
Centro catalogador/agencia de origen DO-SdBNP
Lengua de catalogación spa
Centro/agencia transcriptor BNPHU
082 #4 - NÚMERO DE LA CLASIFICACIÓN DECIMAL DEWEY
Número de clasificación 158.128
Número de documento/Ítem M385m
Número de edición 22
100 1# - ENTRADA PRINCIPAL--NOMBRE DE PERSONA
Nombre de persona Martínez de Trujillo, María,
9 (RLIN) 6223
Fechas asociadas al nombre 1899-?
245 10 - MENCIÓN DE TÍTULO
Título Meditaciones morales /
Mención de responsabilidad, etc. María Martínez de Trujillo ; prólogo José Vasconcelos.
260 ## - PUBLICACIÓN, DISTRIBUCIÓN, ETC.
Lugar de publicación, distribución, etc. Cuidad Trujillo, República Dominicana :
Nombre del editor, distribuidor, etc. [s.n],
Fecha de publicación, distribución, etc. 1947.
300 ## - DESCRIPCIÓN FÍSICA
Extensión 121 p. :
Otras características físicas 23 cm.
590 ## - NOTA LOCAL (RLIN)
Nota local Inventariado 2021 / MF
650 10 - PUNTO DE ACCESO ADICIONAL DE MATERIA--TÉRMINO DE MATERIA
Término de materia o nombre geográfico como elemento de entrada Meditaciones
9 (RLIN) 5988
700 1# - PUNTO DE ACCESO ADICIONAL--NOMBRE DE PERSONA
Nombre de persona Vasconcelos, José,
Término indicativo de función/relación pról.
9 (RLIN) 11189
910 ## - DATOS DE OPCIÓN DEL USUARIO (OCLC)
Datos de opción del usuario Validado. Control de calidad. MAA.
942 ## - ELEMENTOS DE PUNTO DE ACCESO ADICIONAL (KOHA)
Fuente del sistema de clasificación o colocación Dewey Decimal Classification
Tipo de ítem Koha Libro
Holdings
Estado de retiro Estado de pérdida Fuente del sistema de clasificación o colocación Restricciones de uso No para préstamo Código de colección Localización permanente Ubicación/localización actual Ubicación en estantería Fecha de adquisición Total de préstamos Signatura topográfica completa Código de barras Fecha visto por última vez Número de copia Precio válido a partir de Tipo de ítem Koha Nota pública Fuente de adquisición
    Dewey Decimal Classification Préstamo en sala   Raros y valiosos Biblioteca Nacional Pedro Henríquez Ureña Dominicana Depósito 11.07.2013   BNPHU DS-RV 158.128 M385m 3649-30 25.06.2020 e.3 25.06.2020 Libro    
    Dewey Decimal Classification Excluido de préstamo   Patrimonio Dominicano Raros y Valiosos Biblioteca Nacional Pedro Henríquez Ureña Patrimonio Dominicano Depósito 11.07.2009   BNPHU PD-RV 158.128 M385m 3649-10 25.06.2020   25.06.2020 Libro Perteneció a la biblioteca personal de Manuel Martínez Boog .  
    Dewey Decimal Classification Excluido de préstamo   Patrimonio Dominicano Raros y Valiosos Biblioteca Nacional Pedro Henríquez Ureña Patrimonio Dominicano Depósito 11.07.2009   BNPHU PD-RV 158.128 M385m 3649-20 25.06.2020 e.2 25.06.2020 Libro   Donado / Familia Reyes Duluc

Powered by Koha